The turn of the screw ; (Record no. 232946)
[ view plain ]
| 000 -LEADER | |
|---|---|
| fixed length control field | 01101cam a22003131a 4500 |
| 001 - CONTROL NUMBER | |
| control field | 8305792 |
| 003 - CONTROL NUMBER IDENTIFIER | |
| control field | Nust |
| 005 - DATE AND TIME OF LATEST TRANSACTION | |
| control field | 20170227105058.0 |
| 008 - FIXED-LENGTH DATA ELEMENTS--GENERAL INFORMATION | |
| fixed length control field | 760701s1935 enk 000 1 eng |
| 010 ## - LIBRARY OF CONGRESS CONTROL NUMBER | |
| LC control number | 37031207 |
| 020 ## - INTERNATIONAL STANDARD BOOK NUMBER | |
| International Standard Book Number | 9788171674442 |
| 035 ## - SYSTEM CONTROL NUMBER | |
| System control number | (OCoLC)2292861 |
| 040 ## - CATALOGING SOURCE | |
| Original cataloging agency | DLC |
| Transcribing agency | NSufR |
| Modifying agency | OCoLC |
| -- | TxU-Hu |
| -- | DLC |
| 042 ## - AUTHENTICATION CODE | |
| Authentication code | premarc |
| 050 00 - LIBRARY OF CONGRESS CALL NUMBER | |
| Classification number | AC1 |
| Item number | .E8 no. 912 |
| Classification number | PS2116.T8 |
| 051 ## - LIBRARY OF CONGRESS COPY, ISSUE, OFFPRINT STATEMENT | |
| Classification number | PZ3.J234 |
| Item number | Tu3 |
| Copy information | Copy 2. |
| 082 ## - DEWEY DECIMAL CLASSIFICATION NUMBER | |
| Classification number | 813.46 |
| Author Mark | JAM |
| 100 1# - MAIN ENTRY--PERSONAL NAME | |
| Personal name | James, Henry, |
| Dates associated with a name | 1843-1916. |
| 245 14 - TITLE STATEMENT | |
| Title | The turn of the screw ; |
| Remainder of title | The Aspern papers / |
| Statement of responsibility, etc. | Henry James. |
| 246 3# - VARYING FORM OF TITLE | |
| Title proper/short title | Turn of the screw ; The Aspern papers |
| 260 ## - PUBLICATION, DISTRIBUTION, ETC. | |
| Place of publication, distribution, etc. | London : |
| Name of publisher, distributor, etc. | J.M. Dent, |
| Date of publication, distribution, etc. | 1935. |
| 300 ## - PHYSICAL DESCRIPTION | |
| Extent | ix, 480 p. ; |
| Dimensions | 18 cm. |
| 490 0# - SERIES STATEMENT | |
| Series statement | Everyman's library. Fiction ; |
| Volume/sequential designation | no. 912 |
| 500 ## - GENERAL NOTE | |
| General note | "List of the chief works of Henry James": p. vii-ix. |
| 700 12 - ADDED ENTRY--PERSONAL NAME | |
| Personal name | James, Henry, |
| Dates associated with a name | 1843-1916. |
| Title of a work | Aspern papers. |
| Date of a work | 1935. |
| 740 02 - ADDED ENTRY--UNCONTROLLED RELATED/ANALYTICAL TITLE | |
| Uncontrolled related/analytical title | Aspern papers. |
| 906 ## - LOCAL DATA ELEMENT F, LDF (RLIN) | |
| a | 7 |
| b | cbc |
| c | oclcrpl |
| d | u |
| e | ncip |
| f | 19 |
| g | y-gencatlg |
| 942 ## - ADDED ENTRY ELEMENTS (KOHA) | |
| Source of classification or shelving scheme | |
| Koha item type | Book |
| Withdrawn status | Lost status | Source of classification or shelving scheme | Damaged status | Not for loan | Permanent Location | Current Location | Shelving location | Date acquired | Total Checkouts | Full call number | Barcode | Date last seen | Date last checked out | Copy number | Price effective from | Koha item type |
|---|---|---|---|---|---|---|---|---|---|---|---|---|---|---|---|---|
| Central Library (CL) | Central Library (CL) | Fiction | 02/27/2017 | 4 | 813.46 JAM | CL3120 | 12/29/2024 | 11/25/2024 | 1 | 02/27/2017 | Book |
